[Event "BUL-ch sf 78th"]
[Site "Plovdiv"]
[Date "2014.02.13"]
[Round "5"]
[White "Banov, Boil"]
[Black "Terzijski, Kiril"]
[Result "1/2-1/2"]
[WhiteElo "2182"]
[BlackElo "2126"]
[PlyCount "113"]
[EventDate "2014.02.10"]
[EventType "swiss"]
[EventRounds "9"]
[EventCountry "BUL"]
[SourceTitle "CBM 158 Extra"]
[Source "ChessBase"]
[SourceDate "2014.02.28"]
[SourceVersion "1"]
[SourceVersionDate "2014.02.28"]
[SourceQuality "1"]

1. e4 e5 2. Bc4 Nc6 3. Nf3 Be7 4. 0-0 Nf6 5. d4 d6 6. d5 Nb8 7. Bd3 0-0 8. c4 h6 9. Nc3 Nh7 10. Ne1 Nd7 11. f4 exf4 12. Bxf4 Bg5 13. Bg3 Qe7 14. Nf3 Be3+ 15. Kh1 Ng5 16. Qe2 Nxf3 17. gxf3 Bd4 18. f4 Bxc3 19. bxc3 Nc5 20. e5 Bh3 21. Rg1 Qd7 22. Bh4 Nxd3 23. Bf6 g6 24. Qxd3 Qf5 25. Qe3 Rfe8 26. Rg3 Bg4 27. Re1 Kh7 28. h3 Bh5 29. Qd4 c5 30. Qe4 Qxe4+ 31. Rxe4 g5 32. fxg5 dxe5 33. Rxe5 Rxe5 34. Bxe5 Re8 35. Bf6 Kg6 36. Kg1 hxg5 37. Bxg5 Be2 38. d6 f6 39. Be3+ Kf7 40. Bxc5 b6 41. Bd4 Bxc4 42. Rf3 Re6 43. Bxf6 Re1+ 44. Kh2 Ke6 45. Be7 Bxa2 46. h4 a5 47. h5 Bd5 48. Rd3 Rh1+ 49. Kg3 Rxh5 50. c4 Bc6 51. Rb3 b5 52. cxb5 Bxb5 53. Re3+ Kd7 54. Bf8 Rh8 55. Be7 a4 56. Kf4 Ra8 57. Ra3 1/2-1/2

[Event "BUL-ch sf 78th"]
[Site "Plovdiv"]
[Date "2014.02.11"]
[Round "2"]
[White "Terzijski, Kiril"]
[Black "Nikolov, Jordan"]
[Result "1-0"]
[WhiteElo "2126"]
[BlackElo "2038"]
[PlyCount "87"]
[EventDate "2014.02.10"]
[EventType "swiss"]
[EventRounds "9"]
[EventCountry "BUL"]
[SourceTitle "CBM 158 Extra"]
[Source "ChessBase"]
[SourceDate "2014.02.28"]
[SourceVersion "1"]
[SourceVersionDate "2014.02.28"]
[SourceQuality "1"]

1. e4 e5 2. Nf3 Nc6 3. Bb5 a6 4. Bxc6 dxc6 5. 0-0 Bd6 6. d4 exd4 7. Qxd4 f6 8. Re1 Ne7 9. Qc4 b5 10. Qb3 c5 11. a4 c4 12. Qe3 Rb8 13. Nc3 0-0 14. axb5 axb5 15. Nd4 c6 16. b3 b4 17. Nce2 c5 18. Nf3 Be6 19. Ra6 Rb6 20. Rxb6 Qxb6 21. e5 Nf5 22. Qe4 Bxe5 23. Nxe5 fxe5 24. Qxe5 cxb3 25. Nf4 Bc4 26. Bb2 Nd4 27. Nd5 Bxd5 28. Qxd5+ Kh8 29. cxb3 h6 30. Re4 Rd8 31. Qf7 Qd6 32. h3 Rf8 33. Qc4 Rd8 34. Rg4 Qe5 35. Bxd4 cxd4 36. Rg3 Qe1+ 37. Kh2 Qe7 38. f4 Qd6 39. Qf7 Rd7 40. Qe8+ Kh7 41. f5 d3 42. f6 d2 43. Qg6+ Kh8 44. fxg7+ 1-0

[Event "Plovdiv Tringov Memorial 36th"]
[Site "Plovdiv"]
[Date "2014.02.08"]
[Round "8"]
[White "Terzijski, Kiril"]
[Black "Tanev, Rumen"]
[Result "0-1"]
[WhiteElo "2126"]
[BlackElo "2320"]
[PlyCount "36"]
[EventDate "2014.02.02"]
[EventType "swiss"]
[EventRounds "9"]
[EventCountry "BUL"]
[SourceTitle "CBM 158 Extra"]
[Source "ChessBase"]
[SourceDate "2014.02.28"]
[SourceVersion "1"]
[SourceVersionDate "2014.02.28"]
[SourceQuality "1"]

1. e4 e5 2. Nf3 Nc6 3. Bb5 a6 4. Bxc6 dxc6 5. 0-0 Bg4 6. h3 Bxf3 7. Qxf3 Qf6 8. Qe3 Bd6 9. d3 Qe7 10. Nd2 Bc5 11. Qg3 f6 12. Nc4 0-0-0 13. Be3 Bxe3 14. Qxe3 Kb8 15. a4 g5 16. b4 Qd7 17. b5 Qd4 18. Qd2 Qxc4 0-1

[Event "BUL-chT"]
[Site "Plovdiv"]
[Date "2003.11.10"]
[Round "8"]
[White "Bochev, Krasimir"]
[Black "Terzijski, Kiril"]
[Result "0-1"]
[WhiteElo "2183"]
[BlackElo "2121"]
[PlyCount "110"]
[EventDate "2003.11.??"]
[EventType "team"]
[EventRounds "9"]
[EventCountry "BUL"]
[SourceTitle "CBM 097 Extra"]
[Source "ChessBase"]
[SourceDate "2004.01.13"]
[SourceVersion "1"]
[SourceVersionDate "2004.01.13"]
[SourceQuality "1"]

1. Nf3 Nf6 2. c4 g6 3. g3 Bg7 4. Bg2 0-0 5. 0-0 d5 6. cxd5 Nxd5 7. d4 c5 8. e4 Nb6 9. dxc5 Qxd1 10. Rxd1 Na4 11. Nc3 Nxc3 12. bxc3 Bxc3 13. Rb1 Na6 14. Be3 Bb4 15. Bf1 Bxc5 16. Bxa6 Bxe3 17. Bxb7 Bxb7 18. Rxb7 Bc5 19. Rdd7 Rfc8 20. e5 Rab8 21. e6 f6 22. Nd2 Rxb7 23. Rxb7 Kf8 24. Ne4 Bb6 25. Kf1 Rc6 26. a4 Rxe6 27. Nc3 Re5 28. Nb5 Rf5 29. f4 g5 30. Nxa7 Bxa7 31. Rxa7 gxf4 32. gxf4 Rxf4+ 33. Kg2 Kf7 34. Kg3 Rb4 35. Kf3 Rb3+ 36. Kg4 h5+ 37. Kxh5 Rh3+ 38. Kg4 Rxh2 39. Kf4 Re2 40. a5 Kg6 41. Kf3 Re1 42. a6 Kf5 43. Kf2 Re4 44. Rb7 e5 45. Rb8 Ra4 46. Rb6 Ra3 47. Rc6 e4 48. Rb6 Ke5 49. Rb5+ Kf4 50. Rb6 Ra2+ 51. Kf1 f5 52. Rf6 Kg5 53. Re6 Kg4 54. Rf6 f4 55. a7 Kf3 0-1

[Event "BUL-chT"]
[Site "Plovdiv"]
[Date "2003.11.06"]
[Round "2"]
[White "Terzijski, Kiril"]
[Black "Janev, Evgeni"]
[Result "0-1"]
[WhiteElo "2121"]
[BlackElo "2423"]
[PlyCount "97"]
[EventDate "2003.11.??"]
[EventType "team"]
[EventRounds "9"]
[EventCountry "BUL"]
[SourceTitle "CBM 097 Extra"]
[Source "ChessBase"]
[SourceDate "2004.01.13"]
[SourceVersion "1"]
[SourceVersionDate "2004.01.13"]
[SourceQuality "1"]

1. e4 Nf6 2. Nc3 e5 3. Nf3 d6 4. d4 Nbd7 5. Bc4 Be7 6. h3 0-0 7. 0-0 c6 8. a4 b6 9. Re1 a6 10. Be3 Bb7 11. Bb3 b5 12. d5 c5 13. axb5 axb5 14. Nxb5 Nxe4 15. Nd2 Nxd2 16. Qxd2 Ba6 17. Nc3 Nb6 18. Ba4 Nxa4 19. Rxa4 Bb7 20. Rea1 Qd7 21. Qd3 Rxa4 22. Rxa4 Ra8 23. Rxa8+ Bxa8 24. Qa6 Qb7 25. Qxb7 Bxb7 26. f4 f6 27. Kf2 Kf7 28. Kf3 f5 29. fxe5 dxe5 30. Kf2 c4 31. Bb6 Bf6 32. g4 g6 33. Kg3 Ke7 34. Bc5+ Kd7 35. Bb4 Be7 36. Bxe7 Kxe7 37. gxf5 gxf5 38. Kh4 Kd6 39. Kg5 f4 40. b3 cxb3 41. cxb3 Bxd5 42. b4 Ke6 43. h4 Bc4 44. h5 Bd3 45. h6 f3 46. Nd1 Kd5 47. Kg4 e4 48. Ne3+ Kd4 49. Nf5+ 0-1

[Event "BUL-chT"]
[Site "Plovdiv"]
[Date "2003.11.05"]
[Round "1"]
[White "Drenchev, Petar"]
[Black "Terzijski, Kiril"]
[Result "1-0"]
[WhiteElo "2431"]
[BlackElo "2121"]
[PlyCount "77"]
[EventDate "2003.11.??"]
[EventType "team"]
[EventRounds "9"]
[EventCountry "BUL"]
[SourceTitle "CBM 097 Extra"]
[Source "ChessBase"]
[SourceDate "2004.01.13"]
[SourceVersion "1"]
[SourceVersionDate "2004.01.13"]
[SourceQuality "1"]

1. d4 Nf6 2. c4 g6 3. Nc3 d5 4. Nf3 Bg7 5. e3 0-0 6. b4 b6 7. Ba3 c5 8. bxc5 bxc5 9. Rc1 cxd4 10. Nxd4 Ba6 11. Be2 Re8 12. cxd5 Qa5 13. Qa4 Qxa4 14. Nxa4 Bxe2 15. Kxe2 Nxd5 16. Nb5 Na6 17. Rhd1 Nb6 18. Nc5 Nxc5 19. Bxc5 Na4 20. Nc7 Nc3+ 21. Rxc3 Bxc3 22. Nxe8 Rxe8 23. Bxa7 Be5 24. Bb6 Bd6 25. a4 Rc8 26. a5 Rc2+ 27. Rd2 Rc6 28. Ra2 Bb8 29. f4 f6 30. Rd2 Bd6 31. Kd3 e5 32. Ke4 Bb4 33. Rd8+ Kf7 34. Kd5 Rc2 35. a6 Bc5 36. Rc8 Ra2 37. Rc7+ Kg8 38. Kxc5 Rxa6 39. Ra7 1-0